[Event "Challenge"]
[Site "http://www.queenalice.com/game.php?id=1872579"]
[Date "2026.4.28"]
[Round "-"]
[White "marcomasa"]
[Black "maurice916"]
[Result "1-0"]
[WhiteElo "2100"]
[BlackElo "1927"]

1. e4 c6 2. Bc4 d5 3. exd5 cxd5 4. Bb3 Nf6 5. h3 e5 6. Nf3 Nc6 7. d3 Bd6 8. Bd2
O-O 9. Nc3 Be6 10. Bg5 Be7 11. Qd2 d4 12. Ne4 Bxb3 13. axb3 Nxe4 14. dxe4 Bxg5
15. Nxg5 Rc8 16. Nf3 Re8 17. Ra4 b5 18. Ra6 Nb4 19. Qxb4 Rxc2 20. O-O Qb8 21.
Rfa1 Rxb2 22. Rxa7 Qb6 23. Ra8 Rb8 24. Rxb8+ Qxb8 25. Qxb5 Qc8 26. Qd5 h6 27.
Ra8 Rc2 28. Rxc8+ Rxc8 29. Nxe5 1-0

[Event "Challenge"]
[Site "http://www.queenalice.com/game.php?id=1872580"]
[Date "2026.4.28"]
[Round "-"]
[White "maurice916"]
[Black "marcomasa"]
[Result "0-1"]
[WhiteElo "1928"]
[BlackElo "2091"]

1. Nf3 Nc6 2. c4 e5 3. Nc3 Bc5 4. e3 Nf6 5. d4 exd4 6. exd4 Bb4 7. Bd2 d5 8.
cxd5 Nxd5 9. Be2 Bf5 10. Nxd5 Qxd5 11. Bxb4 Nxb4 12. O-O Nxa2 13. Qa4+ Bd7 14.
Bc4 Qxf3 15. Qxd7+ Kxd7 16. gxf3 Nb4 17. Bxf7 Rhf8 18. Bh5 g6 19. Bg4+ Kd8 20.
Kg2 h5 21. Be6 Rf6 22. Bc4 Nc6 23. Bd5 a6 24. Rfc1 Kd7 25. Bxc6+ Rxc6 26. Rc3
Rxc3 0-1

[Event "Challenge"]
[Site "http://www.queenalice.com/game.php?id=1872988"]
[Date "2026.5.6"]
[Round "-"]
[White "Ricardoabreu"]
[Black "marcomasa"]
[Result "0-1"]
[WhiteElo "1819"]
[BlackElo "2110"]

1. b3 e5 2. Bb2 Nc6 3. g3 Bc5 4. e3 Nf6 5. Bg2 d5 6. Nf3 Qe7 7. h3 Bf5 8. d3 h6
9. Qe2 Bb6 10. Nh4 Bh7 11. Nf3 a6 12. Nc3 Qe6 13. Na4 Ba7 14. Nc3 Bb6 15. Na4
Ba7 16. h4 b5 17. Nc3 Qd6 18. Bh3 Bb6 19. Nb1 b4 20. c3 bxc3 21. Nxc3 Qe7 22.
Bg2 Qd6 23. Rd1 Ba5 24. O-O O-O 25. Rc1 Rfe8 26. Nh2 e4 27. dxe4 dxe4 28. Rfd1
Qe7 29. Nd5 Qe6 30. Nxf6+ gxf6 31. Rc5 Red8 32. Rdc1 Rd6 33. Nf1 Nb4 34. Rxa5
Bf5 35. Rxc7 Rad8 36. Rc1 Nd3 37. Rc2 Bg4 38. f3 exf3 39. Bxf3 Bxf3 40. Qh2 Ne1
41. Rc1 Rd1 42. Qf2 Bb7 43. Rxd1 Rxd1 44. Qe2 Qh3 45. Rc5 Qh1+ 46. Kf2 Qg2# 0-1

[Event "Challenge"]
[Site "http://www.queenalice.com/game.php?id=1873029"]
[Date "2026.5.7"]
[Round "-"]
[White "marcomasa"]
[Black "maurice916"]
[Result "1-0"]
[WhiteElo "2093"]
[BlackElo "1854"]

1. e4 c6 2. Bc4 d5 3. exd5 cxd5 4. Bb3 Nf6 5. d4 Nc6 6. Bf4 e6 7. Nf3 Be7 8. Nc3
O-O 9. a3 b6 10. Qd2 Bb7 11. h3 Rc8 12. g4 Ne4 13. Nxe4 dxe4 14. Ne5 Nxd4 15.
Rd1 Nxb3 16. Qe3 Qc7 17. cxb3 Qc5 18. Rd4 Bf6 19. O-O h6 20. Rfd1 Bd5 21. b4 Qe7
22. R4d2 Qb7 23. b5 Be7 24. b4 a5 25. bxa6 Qxa6 26. Nd7 Rfd8 27. Nxb6 Rc6 28.
Nxd5 Rxd5 29. Rxd5 exd5 30. Rxd5 Qc4 31. Rd4 Qa2 32. Kg2 Rc2 33. Rxe4 Bf6 34.
Re8+ Kh7 35. Qe4+ g6 36. Be3 Rc7 37. Rb8 Qxa3 38. Qe8 Qa2 39. Qg8# 1-0

[Event "Challenge"]
[Site "http://www.queenalice.com/game.php?id=1873030"]
[Date "2026.5.7"]
[Round "-"]
[White "maurice916"]
[Black "marcomasa"]
[Result "0-1"]
[WhiteElo "1919"]
[BlackElo "2081"]

1. Nf3 Nc6 2. c4 e5 3. e4 Bc5 4. Nc3 Nf6 5. d3 d6 6. h3 Qe7 7. Be2 Bd7 8. Nd5
Nxd5 9. cxd5 Nd4 10. Nxd4 Bxd4 11. O-O O-O-O 12. Rb1 f6 13. b4 g6 14. g4 h5 15.
b5 hxg4 16. Bxg4 f5 17. exf5 gxf5 18. Be3 fxg4 19. hxg4 Qh4 20. Kg2 Qh3+ 0-1

[Event "Challenge"]
[Site "http://www.queenalice.com/game.php?id=1873277"]
[Date "2026.5.12"]
[Round "-"]
[White "marcomasa"]
[Black "Ricardoabreu"]
[Result "1-0"]
[WhiteElo "2087"]
[BlackElo "1825"]

1. e4 b6 2. Bc4 Bb7 3. Nc3 g6 4. d4 e6 5. Nf3 Nf6 6. Qd3 Nc6 7. Bf4 d6 8. h3 Nh5
9. Bh2 Bg7 10. a3 Na5 11. Ba2 Qd7 12. g4 Nf6 13. Bg3 Ng8 14. g5 f6 15. h4 Nc6
16. Qe3 Qe7 17. O-O-O a6 18. Qd3 b5 19. d5 exd5 20. Nxd5 Qd8 21. Qb3 Qd7 22.
Nxc7+ Qxc7 23. Bxd6 Qc8 24. Qf7+ Kd8 25. Bc7# 1-0

[Event "Challenge"]
[Site "http://www.queenalice.com/game.php?id=1873324"]
[Date "2026.5.13"]
[Round "-"]
[White "maurice916"]
[Black "marcomasa"]
[Result "1-0"]
[WhiteElo "1892"]
[BlackElo "2102"]

1. Nf3 Nc6 2. b3 e5 3. d3 Bc5 4. Bb2 d6 5. Nbd2 Bf5 6. e4 Bg6 7. Be2 Nf6 8. O-O
Qe7 9. a3 h6 10. b4 Bb6 11. h3 Bh7 12. Nb3 g5 13. Nh2 Bg6 14. c4 h5 15. Kh1 h4
16. Ng4 Nxg4 17. Bxg4 f6 18. Rc1 a6 19. c5 dxc5 20. bxc5 Ba7 21. Qe2 Rh6 22.
Rfd1 Bh5 23. Bxh5+ Kd8 24. Bg4 Qf7 25. d4 Qxb3 26. dxe5+ Ke8 27. exf6 Kf8 28.
Rd3 Qa4 29. e5 Nd8 30. e6 Qe8 31. e7+ Kf7 32. exd8=Q Rxd8 33. Rxd8 Qxd8 34. Qe6+
Kf8 35. Rd1 Qe8 36. Qf5 a5 37. Qxg5 Rg6 38. Qxh4 Bxc5 39. Qh8+ Rg8 40. Qh6+ 1-0

[Event "Challenge"]
[Site "http://www.queenalice.com/game.php?id=1873588"]
[Date "2026.5.19"]
[Round "-"]
[White "marcomasa"]
[Black "maurice916"]
[Result "1-0"]
[WhiteElo "2079"]
[BlackElo "1874"]

1. e4 c6 2. Bc4 d5 3. exd5 cxd5 4. Bb3 Nf6 5. d4 Nc6 6. h3 h6 7. Nf3 g6 8. Nc3
Bg7 9. Bf4 e6 10. Qe2 a6 11. a3 Bd7 12. Bh2 Qb6 13. Qd3 O-O 14. g4 Rad8 15.
O-O-O Ne4 16. Nxe4 dxe4 17. Qxe4 Ne7 18. Ne5 Bc8 19. f4 Nd5 20. h4 a5 21. h5 Qb5
22. g5 Bxe5 23. fxe5 Ne7 24. hxg6 Nxg6 25. gxh6 Kh7 26. Rdf1 b6 27. Bg3 Qa6 28.
Rhg1 Bb7 29. Qe3 b5 30. Bh4 Rc8 31. Bf6 a4 32. Ba2 Rc7 33. Bg7 Rfc8 34. Rf2 Bd5
35. Bb1 b4 36. axb4 Rc4 37. Rxf7 Rxc2+ 38. Bxc2 Bb3 39. Qf3 Bxc2 40. Bf8+ Kg8
41. h7+ Kh8 42. Qf6# 1-0